Central Library OPAC University of Rajshahi

The Oxford handbook of comparative law / (Record no. 81401)

MARC details
000 -LEADER
fixed length control field 01565nam a2200421 a 4500
001 - CONTROL NUMBER
control field 81401
003 - CONTROL NUMBER IDENTIFIER
rucl marc code BD-RjUL
005 - DATE AND TIME OF LATEST TRANSACTION
control field 20230517122520.0
008 - FIXED-LENGTH DATA ELEMENTS--GENERAL INFORMATION
fixed length control field 180712s2019 enk b 001 0 eng c
020 ## - INTERNATIONAL STANDARD BOOK NUMBER
International Standard Book Number 9780198810230
Qualifying information (hbk.) :
International Standard Book Number 0198810237
035 ## - SYSTEM CONTROL NUMBER
System control number (BD-RjUL)81401
040 ## - CATALOGING SOURCE
Original cataloging agency UKMGB
Language of cataloging eng
Transcribing agency UKMGB
Description conventions rda
-- BD-RjUL
Modifying agency OCLCO
041 ## - LANGUAGE CODE
Language code of text/sound track or separate title eng
082 ## - DEWEY DECIMAL CLASSIFICATION NUMBER
Edition number 23
Classification number 340.2
Author mark and year REO 2019
245 04 - TITLE STATEMENT
Title The Oxford handbook of comparative law /
Statement of responsibility, etc. edited by Mathias Reimann and Reinhard Zimmermann.
246 3# - VARYING FORM OF TITLE
Title proper/short title Handbook of comparative law
250 ## - EDITION STATEMENT
Edition statement Second edition.
264 #1 - PRODUCTION, PUBLICATION, DISTRIBUTION, MANUFACTURE, AND COPYRIGHT NOTICE
Place of production, publication, distribution, manufacture Oxford :
Name of producer, publisher, distributor, manufacturer Oxford University Press,
Date of production, publication, distribution, manufacture, or copyright notice 2019.
300 ## - PHYSICAL DESCRIPTION
Pagination xx, 1403 pages ;
Size 26 cm
336 ## - CONTENT TYPE
Content type term text
Source rdacontent
337 ## - MEDIA TYPE
Media type term unmediated
Source rdamedia
338 ## - CARRIER TYPE
Carrier type term volume
Source rdacarrier
490 1# - SERIES STATEMENT
Series statement Oxford Handbooks
500 ## - GENERAL NOTE
General note First edition: 2006.
504 ## - BIBLIOGRAPHY, ETC. NOTE
Bibliography, etc Includes bibliographical references and index.
505 00 - FORMATTED CONTENTS NOTE
Formatted contents note The development of comparative law in the world -- Approaches to comparative law -- Subject areas.
650 #0 - SUBJECT ADDED ENTRY--TOPICAL TERM
Topical term or geographic name as entry element Comparative law.
9 (RLIN) 7519
Topical term or geographic name as entry element Comparative law.
Source of heading or term fast
Authority record control number (OCoLC)fst00871350
9 (RLIN) 7519
700 1# - ADDED ENTRY--PERSONAL NAME
Personal name Reimann, Mathias,
Dates associated with a name 1955-
Relator term editor.
Personal name Zimmermann, Reinhard,
Dates associated with a name 1952 October 10-
Relator term editor.
776 08 - ADDITIONAL PHYSICAL FORM ENTRY
Relationship information Online version:
Title Oxford handbook of comparative law.
Edition Second edition.
Place, publisher, and date of publication Oxford : Oxford University Press, 2019
International Standard Book Number 9780191868382
Record control number (OCoLC)1101137237
830 #0 - SERIES ADDED ENTRY--UNIFORM TITLE
Uniform title Oxford handbooks.
942 ## - ADDED ENTRY ELEMENTS (KOHA)
Source of classification or shelving scheme Dewey Decimal Classification
Koha item type Books
Holdings
Lost status Source of classification or shelving scheme Damaged status Not for loan Collection code Permanent Location Current Location Shelving location Date acquired Source of acquisition Cost, normal purchase price Total Checkouts Full call number Date last seen Copy number Koha item type
  Dewey Decimal Classification   Not For Loan Non-fiction Central Library, University of Rajshahi Central Library, University of Rajshahi Reading Room 11/05/2023 Dhaka : Book Finder 14216.51   340.2 REO 2019 17/05/2023 C-1 Books
  Dewey Decimal Classification     Non-fiction Central Library, University of Rajshahi Central Library, University of Rajshahi General Stacks 11/05/2023 Dhaka : Book Finder 14216.51   340.2 REO 2019 17/05/2023 C-2 Books